Valoración e inventario de la arquitectura contextual no monumental (Record no. 136241)

MARC details
000 -LEADER
fixed length control field 00860nam a22002057a 4500
005 - DATE AND TIME OF LATEST TRANSACTION
control field 20251006123215.0
008 - FIXED-LENGTH DATA ELEMENTS--GENERAL INFORMATION
fixed length control field 251003b ck ||||| |||| 00| 0 spa d
020 ## - INTERNATIONAL STANDARD BOOK NUMBER
International Standard Book Number 6120775
050 04 - LIBRARY OF CONGRESS CALL NUMBER
Classification number NA21
Item number V35 1992
245 00 - TITLE STATEMENT
Title Valoración e inventario de la arquitectura contextual no monumental
Statement of responsibility, etc / edición Rymel Eduardo Serrano y Mario Jursich Durán.
250 ## - EDITION STATEMENT
Edition statement 1a ed.
260 ## - PUBLICATION, DISTRIBUTION, ETC. (IMPRINT)
Place of publication, distribution, etc Santa Fe de Bogotá :
Name of publisher, distributor, etc Instituto Colombiano de Cultura,
Date of publication, distribution, etc 1991.
300 ## - PHYSICAL DESCRIPTION
Extent 140 p. :
Other physical details il. ;
Dimensions 28 cm.
504 ## - BIBLIOGRAPHY, ETC. NOTE
Bibliography, etc Incluye bibliografía e índice.
611 24 - SUBJECT ADDED ENTRY--MEETING NAME
Meeting name or jurisdiction name as entry element Memorias del simposio latinoamericano sobre valoración e ínventario de la arquitetura contextual no monumental
Date of meeting ( Mayo 1991 :
Location of meeting Santa Fe de Bogotá)
650 #7 - SUBJECT ADDED ENTRY--TOPICAL TERM
Source of heading or term lemb
Topical term or geographic name as entry element Arquitectura
Form subdivision Congresos
700 1# - ADDED ENTRY--PERSONAL NAME
Personal name Serrano, Rymel Eduardo,
Relator term editor
700 1# - ADDED ENTRY--PERSONAL NAME
Personal name Jursich Durán, Mario,
Relator term editor
942 ## - ADDED ENTRY ELEMENTS (KOHA)
Source of classification or shelving scheme Biblioteca del Cogreso de los Estados Unidos
Koha item type Libro
Holdings
Estado de pérdida Fuente de clasificación Estado del daño No para préstamo Ubicación permanente Ubicación actual Apartado o colección Fecha de adquisición Fuente de adquisición Edición Área del conocimiento Total Checkouts Clasificación Código de Barras Date last seen Número de copia Costo por reposición Tipo de recurso
  Biblioteca del Cogreso de los Estados Unidos     Biblioteca de la Facultad de Arquitectura Biblioteca de la Facultad de Arquitectura General 03/10/2025 Donación 1a ed. Educación y Humanidades   NA21 V35 r1992 BFA000006243 03/10/2025 1 1.00 Libro